| 000 | 00824nam a2200229 i 4500 | ||
|---|---|---|---|
| 001 | bg | ||
| 100 | 1 | _aSTACHOWICZ, Krystyna | |
| 245 | 1 | 0 |
_aPodstawy prawne realizacji zasad ekorozwoju w planowaniu przestrzennym / _cKrystyna Stachowicz ; Instytut Gospodarki Przestrzennej i Komunalnej Oddział w Krakowie. |
| 250 | _aStan prawny na dzień 31 maja 1997 r. | ||
| 260 |
_aKraków : _b(Pracownia Poligraficzna Arwil) _a1997. |
||
| 300 |
_a50 s. ; _c24 cm. |
||
| 504 | _aWykaz aktów prawnych s. 48-50. | ||
| 650 | 9 |
_aPlanowanie przestrzenne a środowisko człowieka _xprawo _zPolska |
|
| 650 | 9 |
_aŚrodowisko człowieka _xprawo _zPolska |
|
| 020 | _a8386309199 | ||
| 040 | _cBPK | ||
| 041 | 0 | _apl | |
| 080 | _a349.44:349.6](438) | ||
| 920 | _a83-86309-19-9 | ||
| 942 | _cKS | ||
| 008 | s pl f |000 0 pol | ||
| 999 |
_c32452 _d32452 |
||
| 856 |
_uhttp://koha.tu.koszalin.pl/cgi-bin/koha/opac-detail.pl?biblionumber=32452 _yKatalog online BPK |
||